000
00208 a2200097 4500
001
2441
100
_a
Kuchemann, D
245
_a
Aerodynamics of Propulsion
260
_a
_b
McGraw-Hill
_c
090
_c
1775
_d
1775
942
_a
NUST-CAE
_c
M
_c
8613
999
_c
237514
_d
237514